[Event "ECF National club Under 1700"]
[Site "Kingston-upon-Hull, ENG"]
[Date "2023.10.21"]
[Round "3.11"]
[White "Eccleston, Bryony"]
[Black "Hesler, Bryan"]
[Result "0-1"]
[WhiteElo "1467"]
[BlackElo "1704"]
[PlyCount "83"]
[EventDate "2023.10.21"]
[WhiteTeam "She Plays To Win B"]
[BlackTeam "Hull Chess Club 3"]

1. e4 d6 2. d4 Nf6 3. Nc3 g6 4. Nf3 Bg7 5. h3 O-O 6. Bc4 Nxe4 7. Nxe4 d5 8. Bd3
dxe4 9. Bxe4 c5 10. Be3 Qa5+ 11. c3 Rd8 12. O-O cxd4 13. Nxd4 f5 14. Bd3 e5 15.
Nb3 Qc7 16. Bc4+ Kh8 17. Qe2 f4 18. Bc5 Nc6 19. Rad1 Bf5 20. Rxd8+ Rxd8 21. Rd1
e4 22. Bd5 Ne5 23. Bxb7 Rxd1+ 24. Qxd1 Nd3 25. Ba6 Nxc5 26. Nxc5 Qxc5 27. Qd8+
Bf8 28. Qf6+ Bg7 29. Qf7 f3 30. g4 e3 31. Bc4 Qf8 32. fxe3 Qxf7 33. Bxf7 Be4
34. Kf2 Bf6 35. Bb3 Bh4+ 36. Kf1 Bd3+ 37. Kg1 f2+ 38. Kh2 f1=Q 39. Bd5 Qf2+ 40.
Kh1 Bg3 41. Bg2 Qe1+ 42. Bf1 0-1

[Event "ECF National club Under 1700"]
[Site "Kingston-upon-Hull, ENG"]
[Date "2023.10.21"]
[Round "3.12"]
[White "Dukalev, Oleg"]
[Black "RoyChowdhury, Aashita"]
[Result "1-0"]
[WhiteElo "1707"]
[BlackElo "1467"]
[PlyCount "119"]
[EventDate "2023.10.21"]
[WhiteTeam "Hull Chess Club 3"]
[BlackTeam "She Plays To Win B"]

1. e4 c6 2. d4 d5 3. Nd2 dxe4 4. Nxe4 Bf5 5. Ng3 Bg6 6. Nf3 Nf6 7. Bd3 e6 8.
Bg5 Be7 9. Bxg6 hxg6 10. Qd2 Qd5 11. a3 Ne4 12. Nxe4 Qxe4+ 13. Be3 Nd7 14. Qe2
Nf6 15. Bg5 Qxe2+ 16. Kxe2 Ng4 17. Bxe7 Kxe7 18. h3 Nf6 19. c4 Rab8 20. Ne5 Nd7
21. Rad1 Nxe5 22. dxe5 Rh5 23. f4 Rf5 24. Rhf1 g5 25. g4 Rxf4 26. Rxf4 gxf4 27.
g5 Rh8 28. Rh1 Rd8 29. h4 Rd4 30. h5 Rd8 31. Kf3 a6 32. Kxf4 Rf8 33. Rd1 Rh8
34. Kg4 f5+ 35. exf6+ gxf6 36. g6 b5 37. cxb5 cxb5 38. g7 Rg8 39. h6 Kf7 40.
Kh5 f5 41. h7 Kxg7 42. hxg8=Q+ Kxg8 43. Kg5 Kf7 44. Rd7+ Ke8 45. Ra7 Kd8 46.
Kf4 Kc8 47. Rxa6 Kd7 48. Ke5 Kc7 49. Rxe6 f4 50. Kxf4 Kd7 51. Rh6 Ke7 52. Ke5
Kf7 53. Ra6 Kg7 54. Kf5 Kf7 55. Ra7+ Kf8 56. Ke6 Kg8 57. Kf6 b4 58. axb4 Kh8
59. Kg6 Kg8 60. Ra8# 1-0

[Event "ECF National club Under 1700"]
[Site "Kingston-upon-Hull, ENG"]
[Date "2023.10.21"]
[Round "3.13"]
[White "Tager, Maya"]
[Black "Allison, Paul A"]
[Result "0-1"]
[WhiteElo "1280"]
[BlackElo "1711"]
[PlyCount "110"]
[EventDate "2023.10.21"]
[WhiteTeam "She Plays To Win B"]
[BlackTeam "Hull Chess Club 3"]

1. e4 e5 2. Nf3 Nc6 3. Bb5 a6 4. Bc4 Nf6 5. d3 h6 6. O-O d6 7. Be3 Na5 8. Bd5
c6 9. Bb3 Nxb3 10. axb3 g6 11. Nbd2 Bg7 12. c3 Ng4 13. Qe2 f5 14. Nc4 c5 15.
Bd2 b5 16. Ne3 Nxe3 17. Qxe3 f4 18. Qe2 Bg4 19. h3 Be6 20. b4 c4 21. d4 O-O 22.
d5 Bd7 23. Qd1 Qb6 24. b3 Rfc8 25. bxc4 Rxc4 26. Qc2 Rac8 27. Nh4 Kh7 28. Kh1
Rxb4 29. Qd3 Rbc4 30. Qe2 Ra8 31. Rab1 Qd8 32. Nf3 Qf6 33. Rb4 Rcc8 34. c4 bxc4
35. Rc1 Bb5 36. Qe1 Rc7 37. Bc3 Qf8 38. Ba1 Rac8 39. Rbb1 Rf7 40. Nd2 Qd8 41.
Rb4 Rfc7 42. f3 Qg5 43. Qf2 Rc5 44. h4 Qg3 45. Qxg3 fxg3 46. Nf1 Bf6 47. Nxg3
Bxh4 48. Ne2 Bg5 49. Rc2 Be3 50. Nc3 Bd4 51. Nxb5 axb5 52. Bxd4 exd4 53. Rc1 d3
54. f4 d2 55. Rd1 c3 0-1

[Event "ECF National club Under 1700"]
[Site "Kingston-upon-Hull, ENG"]
[Date "2023.10.21"]
[Round "3.21"]
[White "Collinson, Mark I"]
[Black "Ashton, Alannah"]
[Result "1/2-1/2"]
[WhiteElo "1961"]
[BlackElo "1891"]
[PlyCount "116"]
[EventDate "2023.10.21"]
[WhiteTeam "Victoria Dock"]
[BlackTeam "She Plays To Win A"]

1. d4 d5 2. c4 e6 3. Nf3 c5 4. cxd5 exd5 5. g3 Nc6 6. Nc3 Nf6 7. Bg2 cxd4 8.
Nxd4 Bc5 9. Nxc6 bxc6 10. O-O O-O 11. Bg5 Re8 12. Qa4 Bb7 13. Rac1 Bb6 14. Qh4
Re6 15. Bh3 Re5 16. Bxf6 Qxf6 17. Qxf6 gxf6 18. e3 c5 19. Bg2 Rd8 20. Na4 Ba6
21. Rfd1 d4 22. Nxb6 axb6 23. exd4 cxd4 24. Rd2 Re2 25. Rcd1 Rxd2 26. Rxd2 Re8
27. f4 Kg7 28. Kf2 f5 29. Bc6 Rc8 30. Bd7 Rc5 31. b4 Rd5 32. Bc6 Rd6 33. b5 Bc8
34. Ke2 Bd7 35. Bxd7 Rxd7 36. Kd3 Kf6 37. Rc2 Ke7 38. Rc6 Ra7 39. Rxb6 Rxa2 40.
Rh6 Rb2 41. b6 Rb4 42. Rc6 Kf8 43. h4 Kg7 44. Rd6 h6 45. h5 Kh7 46. Rf6 Kg7 47.
Rc6 Kh7 48. Rc7 Rxb6 49. Rxf7+ Kg8 50. Rxf5 Rb3+ 51. Kxd4 Rxg3 52. Ke5 Ra3 53.
Ke4 Ra4+ 54. Kf3 Ra3+ 55. Kg4 Kg7 56. Rd5 Ra7 57. Rd6 Rb7 58. Rg6+ Kh7 1/2-1/2

[Event "ECF National club Under 1700"]
[Site "Kingston-upon-Hull, ENG"]
[Date "2023.10.21"]
[Round "3.22"]
[White "Wabuti, Rose"]
[Black "Owst, A Peter"]
[Result "1-0"]
[WhiteElo "1699"]
[BlackElo "1664"]
[PlyCount "111"]
[EventDate "2023.10.21"]
[WhiteTeam "She Plays To Win A"]
[BlackTeam "Victoria Dock"]

1. Nf3 d5 2. d4 c5 3. c4 dxc4 4. Nc3 cxd4 5. Nxd4 e5 6. Nf3 Qxd1+ 7. Kxd1 Nc6
8. e4 Bg4 9. Bxc4 Nd4 10. Be2 Bxf3 11. gxf3 Rd8 12. Bd2 Bc5 13. Nd5 Ne7 14. Rc1
Rc8 15. Nxe7 Kxe7 16. f4 Bd6 17. fxe5 Rxc1+ 18. Bxc1 Bxe5 19. f4 Bc7 20. Bc4
Rd8 21. Bd5 Ne6 22. Rf1 Nc5 23. Ke2 b6 24. Rg1 Kf8 25. h4 f5 26. Rg5 fxe4 27.
b4 Nd3 28. Rf5+ Ke8 29. Bd2 Bxf4 30. Bc6+ Ke7 31. Bxf4 Nxb4 32. Bxe4 Rd4 33.
Ke3 Rc4 34. a3 Rc3+ 35. Kd4 Rxa3 36. Bg5+ Ke8 37. Re5+ Kd7 38. Re7+ Kd6 39.
Rxg7 Nc6+ 40. Bxc6 Kxc6 41. Rxh7 a5 42. Rh6+ Kb5 43. h5 Ra4+ 44. Kc3 Rc4+ 45.
Kd3 Rg4 46. Be3 a4 47. Rxb6+ Ka5 48. Rb1 a3 49. Ra1 Ka4 50. Kc2 Rc4+ 51. Kd3
Rb4 52. Bd4 Kb3 53. h6 Rb7 54. Rb1+ Ka4 55. Be5 Rh7 56. Ra1 1-0

[Event "ECF National club Under 1700"]
[Site "Kingston-upon-Hull, ENG"]
[Date "2023.10.21"]
[Round "3.23"]
[White "Eggleton, Peter"]
[Black "Ononaiye, Tosin"]
[Result "1-0"]
[WhiteElo "1463"]
[BlackElo "1671"]
[PlyCount "95"]
[EventDate "2023.10.21"]
[WhiteTeam "Victoria Dock"]
[BlackTeam "She Plays To Win A"]

1. e4 d6 2. d4 Nf6 3. Nc3 g6 4. Nf3 Bg7 5. h3 Nc6 6. Bb5 a6 7. Bxc6+ bxc6 8.
O-O O-O 9. Re1 Bb7 10. Bf4 e6 11. Qd2 d5 12. Bg5 Qe8 13. e5 Nd7 14. b3 c5 15.
Bh6 cxd4 16. Bxg7 dxc3 17. Qh6 f6 18. exf6 Nxf6 19. Bxf8 Qxf8 20. Qxf8+ Rxf8
21. Rxe6 Rf7 22. Ng5 Rd7 23. Rxf6 d4 24. Rd1 Kg7 25. Rf4 Kh6 26. Nf7+ Kg7 27.
Ne5 Re7 28. Nd3 Rd7 29. Nc5 g5 30. Nxd7 gxf4 31. Rxd4 Bc6 32. Ne5 Bb5 33. Rxf4
Be2 34. Rf7+ Kh6 35. Rxc7 Kg5 36. Rxc3 Kf4 37. Rc5 h5 38. g3+ Ke4 39. f4 Kd4
40. Rc8 Bd1 41. Kf2 Ke4 42. c4 Bc2 43. Ra8 Bb1 44. Rxa6 Bc2 45. c5 Kd5 46. b4
Bf5 47. Ke3 Bc8 48. Rd6# 1-0

[Event "ECF National club Under 1700"]
[Site "Kingston-upon-Hull, ENG"]
[Date "2023.10.21"]
[Round "3.24"]
[White "Ravi, Vash"]
[Black "Kemp, Ron V"]
[Result "0-1"]
[WhiteElo "1532"]
[BlackElo "1356"]
[PlyCount "123"]
[EventDate "2023.10.21"]
[WhiteTeam "She Plays To Win A"]
[BlackTeam "Victoria Dock"]

1. d4 d5 2. c4 e6 3. Nc3 c6 4. Nf3 h6 5. cxd5 cxd5 6. Bf4 a6 7. Rc1 Nc6 8. e3
Nf6 9. h3 Bb4 10. a3 Bxc3+ 11. Rxc3 Ne4 12. Rc1 Qa5+ 13. Nd2 Bd7 14. f3 Nxd2
15. Qxd2 Qxd2+ 16. Kxd2 O-O 17. g4 Na5 18. Ke1 Rac8 19. Rc3 Rxc3 20. bxc3 Rc8
21. Bd6 Rxc3 22. Bb4 Rc1+ 23. Kd2 Nb3+ 24. Ke2 a5 25. Bd6 Bb5+ 26. Kf2 Rc2+ 27.
Kg3 Rc1 28. Bg2 Rc6 29. Be7 f6 30. Rb1 Bc4 31. a4 Kf7 32. Ba3 b6 33. Rb2 Nc1
34. Rc2 Nd3 35. e4 Ne1 36. Rc1 Nxg2 37. Kxg2 dxe4 38. fxe4 f5 39. e5 Bd5+ 40.
Kg3 Rxc1 41. Bxc1 Bb3 42. gxf5 exf5 43. Ba3 Bxa4 44. Bd6 b5 45. Bc7 b4 46. Bxa5
b3 47. Bc3 Ke6 48. Kf4 g5+ 49. Ke3 f4+ 50. Kf2 Bc6 51. Bb2 Kf5 52. Ba1 Bd5 53.
Bb2 h5 54. Kg1 g4 55. h4 g3 56. Bc1 Kg4 57. e6 Bxe6 58. d5 Bxd5 59. Kf1 f3 60.
Kg1 f2+ 61. Kf1 Bc4+ 62. Kg2 0-1

[Event "ECF National club Under 1700"]
[Site "Kingston-upon-Hull, ENG"]
[Date "2023.10.21"]
[Round "3.31"]
[White "O'Gorman, Brendan"]
[Black "Murrell, Mark R A"]
[Result "1/2-1/2"]
[WhiteElo "1779"]
[BlackElo "1809"]
[PlyCount "51"]
[EventDate "2023.10.21"]
[WhiteTeam "DHSS"]
[BlackTeam "Wanstead and Woodford"]

1. e4 c5 2. Ne2 Nc6 3. c4 g6 4. d4 cxd4 5. Nxd4 Bg7 6. Be3 d6 7. Be2 Nf6 8. Nc3
O-O 9. O-O h5 10. f3 a6 11. Qd2 Kh7 12. Rac1 Ng8 13. Rfd1 Bh6 14. Nd5 e6 15.
Nc3 Qb6 16. Bxh6 Nxh6 17. Na4 Qa7 18. Kf1 Bd7 19. Nb3 Ne5 20. Nc3 b5 21. Qxd6
Nxc4 22. Bxc4 bxc4 23. Qxd7 cxb3 24. a3 Qe3 25. Qd2 Qb6 26. Qf2 1/2-1/2

[Event "ECF National club Under 1700"]
[Site "Kingston-upon-Hull, ENG"]
[Date "2023.10.21"]
[Round "3.32"]
[White "Colclough, Ryan"]
[Black "Ashley, Mark S"]
[Result "1/2-1/2"]
[WhiteElo "1784"]
[BlackElo "1651"]
[PlyCount "117"]
[EventDate "2023.10.21"]
[WhiteTeam "Wanstead and Woodford"]
[BlackTeam "DHSS"]

1. d4 e6 2. c4 f5 3. Nc3 Nf6 4. g3 Be7 5. Bg2 O-O 6. Nf3 d6 7. O-O Ne4 8. Qd3
Nxc3 9. bxc3 Bf6 10. Rb1 Nc6 11. Ba3 Rb8 12. c5 Re8 13. cxd6 cxd6 14. Nd2 Ne7
15. Nc4 d5 16. Nd6 Rf8 17. c4 Qa5 18. cxd5 b6 19. Nxc8 Rfxc8 20. Rb5 Qc3 21.
Bxe7 Qxd3 22. exd3 Bxe7 23. dxe6 g6 24. Rfb1 Rc2 25. a4 Rd8 26. d5 Bc5 27. R5b2
Rxb2 28. Rxb2 Kf8 29. Kf1 Ke7 30. Ke2 Rc8 31. a5 Bd4 32. Ra2 b5 33. a6 b4 34.
Ra5 Rb8 35. Kd2 b3 36. d6+ Kxd6 37. Bb7 b2 38. Rb5 Rd8 39. Bd5 Rc8 40. Ba2 Bc3+
41. Ke3 Bf6 42. Rd5+ Kc6 43. Rd7 Rc7 44. Rxc7+ Kxc7 45. d4 Kd6 46. f3 g5 47.
Kd3 b1=Q+ 48. Bxb1 Kxe6 49. Ba2+ Kd6 50. g4 fxg4 51. fxg4 h6 52. Ke4 Bg7 53.
Bc4 Bf6 54. h3 Bg7 55. Kf5 Bxd4 56. Kg6 Bf2 57. Kxh6 Bh4 58. Kg6 Kc5 59. Be2
1/2-1/2

[Event "ECF National club Under 1700"]
[Site "Kingston-upon-Hull, ENG"]
[Date "2023.10.21"]
[Round "3.33"]
[White "Pride, Stephen C"]
[Black "Li, Colin"]
[Result "1-0"]
[WhiteElo "1603"]
[BlackElo "1604"]
[PlyCount "53"]
[EventDate "2023.10.21"]
[WhiteTeam "DHSS"]
[BlackTeam "Wanstead and Woodford"]

1. d4 Nf6 2. Bf4 c5 3. dxc5 Nc6 4. c3 e5 5. Be3 Ng4 6. Qc1 a5 7. h3 Qh4 8. Nf3
Qh5 9. Na3 f5 10. Nb5 f4 11. Bxf4 exf4 12. Qxf4 Nxf2 13. Kxf2 Bxc5+ 14. e3 Rf8
15. Qe4+ Kd8 16. Nbd4 d5 17. Qd3 Ne5 18. Qd1 g5 19. Kg1 Nxf3+ 20. gxf3 Bxd4 21.
Qxd4 Qxf3 22. Qb6+ Ke7 23. Qc5+ Ke6 24. Bg2 Qg3 25. Qxf8 Ke5 26. Qf2 Qxf2+ 27.
Kxf2 1-0

[Event "ECF National club Under 1700"]
[Site "Kingston-upon-Hull, ENG"]
[Date "2023.10.21"]
[Round "3.34"]
[White "Raikundalia, Krishna"]
[Black "Gilbert, David J"]
[Result "1/2-1/2"]
[WhiteElo "1600"]
[BlackElo "1556"]
[PlyCount "35"]
[EventDate "2023.10.21"]
[WhiteTeam "Wanstead and Woodford"]
[BlackTeam "DHSS"]

1. d4 Nf6 2. Nf3 c5 3. g3 cxd4 4. Nxd4 Nc6 5. Bg2 e5 6. Nxc6 bxc6 7. O-O d5 8.
c4 Be6 9. cxd5 cxd5 10. Nc3 Rb8 11. b3 Bb4 12. Bb2 d4 13. Ne4 O-O 14. Rc1 Nxe4
15. Bxe4 Bh3 16. Bg2 Bxg2 17. Kxg2 Qd5+ 18. Kg1 1/2-1/2

[Event "ECF National club Under 1700"]
[Site "Kingston-upon-Hull, ENG"]
[Date "2023.10.21"]
[Round "3.41"]
[White "Al Haidar, Hussam"]
[Black "Wood, Gabriel"]
[Result "0-1"]
[WhiteElo "1525"]
[BlackElo "1722"]
[PlyCount "148"]
[EventDate "2023.10.21"]
[WhiteTeam "Hull Chess Club 4"]
[BlackTeam "Hull Chess Club 5"]

1. e4 d5 2. exd5 Qxd5 3. Nc3 Qa5 4. Nf3 Bg4 5. Be2 Nd7 6. O-O Ngf6 7. d3 e6 8.
a3 Bd6 9. h3 Bh5 10. Bd2 c6 11. Ne4 Qc7 12. Nxd6+ Qxd6 13. Re1 Nd5 14. c3 Nf4
15. Bxf4 Qxf4 16. Qd2 Qxd2 17. Nxd2 Bxe2 18. Rxe2 Nc5 19. d4 Na4 20. Nc4 O-O-O
21. Rae1 c5 22. dxc5 Nxc5 23. Ne5 Rhf8 24. Nf3 Rd5 25. Nd4 Nd3 26. Rb1 Rfd8 27.
Nf3 Nf4 28. Ree1 Rb5 29. Nd4 Rg5 30. Ne2 Nxg2 31. Rec1 Nf4+ 32. Kf1 Nxh3 33.
Rd1 Rxd1+ 34. Rxd1 Rf5 35. f4 Nxf4 36. Nxf4 Rxf4+ 37. Kg2 h5 38. Kg3 g5 39. Re1
h4+ 40. Kh3 Rf3+ 41. Kg2 g4 42. Re4 h3+ 43. Kh2 Rf2+ 44. Kh1 g3 45. Re1 g2+ 46.
Kg1 Rf1+ 47. Rxf1 gxf1=Q+ 48. Kxf1 Kc7 49. Kf2 Kc6 50. Kg3 Kc5 51. b3 Kd5 52.
Kxh3 Ke4 53. c4 f5 54. c5 e5 55. b4 Kd5 56. Kg3 b6 57. cxb6 axb6 58. a4 Kc4 59.
a5 bxa5 60. bxa5 Kb5 61. Kh4 Kxa5 62. Kg5 e4 63. Kf4 Kb4 64. Ke3 Kc3 65. Ke2 f4
66. Kd1 e3 67. Ke2 Kc2 68. Ke1 f3 69. Kf1 Kd2 70. Kg1 e2 71. Kh2 e1=Q 72. Kh3
f2 73. Kh2 Qg1+ 74. Kh3 f1=Q+ 0-1

[Event "ECF National club Under 1700"]
[Site "Kingston-upon-Hull, ENG"]
[Date "2023.10.21"]
[Round "3.42"]
[White "Black, Ewan"]
[Black "Scotter, John"]
[Result "1/2-1/2"]
[WhiteElo "1528"]
[BlackElo "1526"]
[PlyCount "88"]
[EventDate "2023.10.21"]
[WhiteTeam "Hull Chess Club 5"]
[BlackTeam "Hull Chess Club 4"]

1. d4 d5 2. c4 e6 3. Nc3 Nf6 4. cxd5 exd5 5. Bg5 Be7 6. e3 O-O 7. Bd3 Nc6 8.
Nf3 h6 9. Bh4 a6 10. h3 Be6 11. O-O b5 12. Rc1 Na7 13. Bxf6 Bxf6 14. b4 c6 15.
Bc2 Rc8 16. Qd3 g6 17. Ne2 Bf5 18. Qb3 Bxc2 19. Rxc2 Qd6 20. Ne1 Bd8 21. Nd3
Kg7 22. Nc5 Bc7 23. Ng3 a5 24. Rfc1 a4 25. Qb2 Kg8 26. Nd3 Qf6 27. Nf1 Rfe8 28.
Nd2 Bd6 29. a3 g5 30. Nf3 Re6 31. Nfe5 Bxe5 32. Nxe5 h5 33. Qc3 Rc7 34. Qc5 Nc8
35. Qc3 Na7 36. Qd3 Kg7 37. Rc5 Rd6 38. e4 Qe6 39. exd5 Rxd5 40. Rxd5 Qxd5 41.
Rc5 Qd6 42. Nf3 f6 43. Qf5 Qd7 44. Qe4 Qe7 1/2-1/2

[Event "ECF National club Under 1700"]
[Site "Kingston-upon-Hull, ENG"]
[Date "2023.10.21"]
[Round "3.43"]
[White "Pitel, Dominik"]
[Black "Donegam, Andrew"]
[Result "0-1"]
[WhiteElo "1349"]
[BlackElo "1411"]
[PlyCount "90"]
[EventDate "2023.10.21"]
[WhiteTeam "Hull Chess Club 4"]
[BlackTeam "Hull Chess Club 5"]

1. d4 Nf6 2. c4 g6 3. Nc3 Bg7 4. e4 d6 5. f4 O-O 6. Nf3 Re8 7. g3 Bg4 8. h3
Bxf3 9. Qxf3 e5 10. fxe5 dxe5 11. dxe5 Rxe5 12. Bf4 Re7 13. e5 Nfd7 14. Qxb7
Nxe5 15. Qxa8 Nd3+ 16. Kd2 Nxf4+ 17. Kc2 Ne6 18. Qxa7 Nd4+ 19. Qxd4 Qxd4 20.
Rd1 Qf2+ 21. Kc1 Re1 22. Rxe1 Qxe1+ 23. Kc2 Qf2+ 24. Kb3 Bxc3 25. bxc3 Qxg3 26.
Be2 Nc6 27. Bg4 h5 28. Bd1 Kg7 29. a4 Qg2 30. Re1 Kf6 31. Re2 Qxh3 32. Rf2+ Kg7
33. Re2 Nd4+ 34. Kb4 Nxe2 35. Bxe2 Qe6 36. Bd1 Kf6 37. a5 Qd6+ 38. Kb5 Qxd1 39.
Ka6 h4 40. Kb7 Qf3+ 41. Kb8 h3 42. a6 h2 43. a7 h1=Q 44. Kxc7 Qc6+ 45. Kd8 Qh8#
0-1

[Event "ECF National club Under 1700"]
[Site "Kingston-upon-Hull, ENG"]
[Date "2023.10.21"]
[Round "3.44"]
[White "Holgate, Antony"]
[Black "Sharp, Stuart"]
[Result "0-1"]
[WhiteElo "1407"]
[BlackElo "1402"]
[PlyCount "72"]
[EventDate "2023.10.21"]
[WhiteTeam "Hull Chess Club 5"]
[BlackTeam "Hull Chess Club 4"]

1. e4 Nf6 2. Nc3 d5 3. g3 d4 4. Nce2 Nxe4 5. Bg2 Nf6 6. Nf3 c5 7. O-O Nc6 8. d3
g6 9. Bg5 Bg7 10. Qd2 h6 11. Bxf6 exf6 12. Rae1 O-O 13. Nf4 Ne5 14. Re4 Rb8 15.
c3 Nxf3+ 16. Bxf3 g5 17. Nh5 Bf5 18. Re2 dxc3 19. Qc1 cxb2 20. Qxc5 b1=Q 21.
Rxb1 Qxd3 22. Rf1 Qxf3 23. Re3 Qxh5 24. Qxf5 Qg6 25. Qg4 f5 26. Qd1 Rfd8 27.
Rd3 Rxd3 28. Qxd3 f4 29. Qd5 Qe6 30. Qf3 fxg3 31. Qxg3 Re8 32. f4 Bd4+ 33. Kg2
Qe2+ 34. Rf2 Qxf2+ 35. Qxf2 Bxf2 36. Kxf2 gxf4 0-1

[Event "ECF National club Under 1700"]
[Site "Kingston-upon-Hull, ENG"]
[Date "2023.10.22"]
[Round "4.11"]
[White "Hesler, Bryan"]
[Black "Collinson, Mark I"]
[Result "1/2-1/2"]
[WhiteElo "1704"]
[BlackElo "1961"]
[PlyCount "81"]
[EventDate "2023.10.22"]
[WhiteTeam "Hull Chess Club 3"]
[BlackTeam "Victoria Dock"]

1. e4 e5 2. Nc3 f5 3. f4 Nf6 4. fxe5 Nxe4 5. d3 Nxc3 6. bxc3 d6 7. Nf3 dxe5 8.
Nxe5 Qf6 9. Bf4 Bd6 10. d4 Nc6 11. Bc4 Be6 12. Bxe6 Nxe5 13. d5 h6 14. O-O g6
15. Qe2 Kf8 16. Qb5 Kg7 17. Rae1 Rhe8 18. Qxb7 Rab8 19. Qxa7 Rb6 20. Qa4 Re7
21. Qd4 Nf7 22. Qxf6+ Kxf6 23. Be3 Rb2 24. Bd4+ Be5 25. Re2 Bxd4+ 26. cxd4 Nd6
27. Ra1 c6 28. Rae1 Ne4 29. c4 Rxe2 30. Rxe2 Rb7 31. g3 Ng5 32. Kg2 Rb4 33. Rc2
Nxe6 34. dxe6 Kxe6 35. Kf3 g5 36. Ke3 Ra4 37. Kf2 Ra3 38. Re2+ Kd6 39. h4 Rd3
40. hxg5 hxg5 41. c5+ 1/2-1/2

[Event "ECF National club Under 1700"]
[Site "Kingston-upon-Hull, ENG"]
[Date "2023.10.22"]
[Round "4.12"]
[White "Atkinson, Richard"]
[Black "Dukalev, Oleg"]
[Result "1-0"]
[WhiteElo "1556"]
[BlackElo "1707"]
[PlyCount "103"]
[EventDate "2023.10.22"]
[WhiteTeam "Victoria Dock"]
[BlackTeam "Hull Chess Club 3"]

1. d4 Nf6 2. c4 e5 3. e3 Bb4+ 4. Bd2 Bxd2+ 5. Nxd2 exd4 6. exd4 O-O 7. Ngf3
Re8+ 8. Be2 Qe7 9. d5 c5 10. Nf1 d6 11. Ng3 Ne4 12. Qd3 Nxg3 13. hxg3 Bf5 14.
Qd2 h6 15. Kf1 Nd7 16. Re1 Qf6 17. b3 Re7 18. Nh2 Rae8 19. g4 Rxe2 20. Rxe2
Qa1+ 21. Qe1 Qxe1+ 22. Kxe1 Rxe2+ 23. Kxe2 Bg6 24. Re1 Kf8 25. Kd2 Nf6 26. f3
Ne8 27. Nf1 Nc7 28. Kc3 h5 29. gxh5 Bxh5 30. Nd2 f5 31. Rg1 Kf7 32. g4 fxg4 33.
fxg4 Bg6 34. Rf1+ Ke7 35. g5 Na6 36. Rh1 Nb8 37. Rh8 Be8 38. Nf3 Nd7 39. Nh4 g6
40. Nf3 a5 41. a3 Nf8 42. b4 Kf7 43. bxc5 dxc5 44. Ne5+ Kg7 45. Rh1 Nd7 46.
Nxd7 Bxd7 47. Rb1 Bc8 48. Rb5 Kf7 49. Rxc5 Bd7 50. Rc7 Ke7 51. Rxb7 Kd8 52. c5
1-0

[Event "ECF National club Under 1700"]
[Site "Kingston-upon-Hull, ENG"]
[Date "2023.10.22"]
[Round "4.13"]
[White "Wood, Philip S"]
[Black "Eggleton, Peter"]
[Result "1/2-1/2"]
[WhiteElo "1572"]
[BlackElo "1463"]
[PlyCount "35"]
[EventDate "2023.10.22"]
[WhiteTeam "Hull Chess Club 3"]
[BlackTeam "Victoria Dock"]

1. d4 Nf6 2. Nc3 d5 3. Bf4 c6 4. Nf3 Bf5 5. Nd2 e6 6. a3 Bd6 7. Bxd6 Qxd6 8.
Nb3 Nbd7 9. e3 O-O 10. Bd3 Bxd3 11. cxd3 e5 12. dxe5 Qxe5 13. d4 Qd6 14. O-O
Rfe8 15. h3 a6 16. Qd2 Re7 17. Rfd1 Nb6 18. Qc2 1/2-1/2

[Event "ECF National club Under 1700"]
[Site "Kingston-upon-Hull, ENG"]
[Date "2023.10.22"]
[Round "4.14"]
[White "Kemp, Ron V"]
[Black "Smith, Sean"]
[Result "1-0"]
[WhiteElo "1356"]
[BlackElo "1528"]
[PlyCount "78"]
[EventDate "2023.10.22"]
[WhiteTeam "Victoria Dock"]
[BlackTeam "Hull Chess Club 3"]

1. e4 c5 2. d4 cxd4 3. Qxd4 Nc6 4. Qd1 Nf6 5. Nc3 a6 6. Nf3 e5 7. a3 Be7 8. Bc4
h6 9. O-O O-O 10. Be3 b6 11. h3 Bc5 12. Bxc5 bxc5 13. Re1 Re8 14. Nd5 Rb8 15.
Rb1 d6 16. c3 Na5 17. Ba2 Be6 18. c4 Nxd5 19. cxd5 Bd7 20. Qd3 Bb5 21. Qc3 Rc8
22. Nd2 Qb6 23. Nc4 Nxc4 24. Bxc4 Bxc4 25. Qxc4 Qb5 26. Rec1 Qxc4 27. Rxc4 Rb8
28. b4 Rb6 29. Rbc1 cxb4 30. axb4 Reb8 31. Rc6 Rxb4 32. Rxa6 Rxe4 33. Rxd6 Rd4
34. Rd7 Rb5 35. Rcc7 Rbxd5 36. Rxf7 Rf4 37. Rxg7+ Kf8 38. Rh7 Rd1+ 39. Kh2 Rxf2
1-0

[Event "ECF National club Under 1700"]
[Site "Kingston-upon-Hull, ENG"]
[Date "2023.10.22"]
[Round "4.21"]
[White "Wood, Gabriel"]
[Black "Eccleston, Bryony"]
[Result "0-1"]
[WhiteElo "1722"]
[BlackElo "1467"]
[PlyCount "102"]
[EventDate "2023.10.22"]
[WhiteTeam "Hull Chess Club 5"]
[BlackTeam "She Plays To Win B"]

1. e4 e5 2. Nf3 Nc6 3. Bc4 Bc5 4. c3 d6 5. d4 Bb6 6. dxe5 Qe7 7. O-O Nxe5 8.
Nxe5 Qxe5 9. Be3 Bxe3 10. fxe3 Nf6 11. Qd4 Qh5 12. Rf2 O-O 13. h3 Qg6 14. Bd3
Bxh3 15. e5 dxe5 16. Bxg6 exd4 17. exd4 Bxg2 18. Bxh7+ Kxh7 19. Rxg2 Rae8 20.
Nd2 Re7 21. Nf3 Rfe8 22. Ne5 Nd7 23. Rf1 f6 24. Rh2+ Kg8 25. Ng6 Re2 26. Rxe2
Rxe2 27. Rf2 Rxf2 28. Kxf2 Kf7 29. Nf4 g5 30. Nd5 c6 31. Ne3 Ke6 32. c4 f5 33.
d5+ cxd5 34. Nxd5 Nb6 35. Nc7+ Kd7 36. Nb5 Nxc4 37. b3 a6 38. Nd4 Nd6 39. Nf3
Ne4+ 40. Ke3 Ke6 41. Ne1 Nc3 42. a3 Kd5 43. Nf3 f4+ 44. Kd3 g4 45. Ne1 Nb5 46.
Ng2 Ke5 47. a4 Nd4 48. b4 f3 49. Ne3 g3 50. Nc4+ Kf4 51. Kxd4 g2 0-1

[Event "ECF National club Under 1700"]
[Site "Kingston-upon-Hull, ENG"]
[Date "2023.10.22"]
[Round "4.22"]
[White "RoyChowdhury, Aashita"]
[Black "Donegan, Andrew"]
[Result "1/2-1/2"]
[WhiteElo "1467"]
[BlackElo "1411"]
[PlyCount "119"]
[EventDate "2023.10.22"]
[WhiteTeam "She Plays To Win B"]
[BlackTeam "Hull Chess Club 5"]

1. e4 d6 2. d4 Nf6 3. Nc3 g6 4. h3 Bg7 5. Nf3 O-O 6. Bc4 Nbd7 7. O-O e5 8. Be3
Re8 9. Ng5 Re7 10. dxe5 Nxe5 11. Bd3 Nxd3 12. Qxd3 h6 13. Nf3 Be6 14. Rfe1 Rd7
15. Qd2 d5 16. e5 Ne4 17. Qd3 Nxc3 18. Qxc3 Qe7 19. Qd2 h5 20. Bh6 Rc8 21. h4
Bg4 22. Bg5 Qe8 23. Bf6 Bxf3 24. gxf3 Qe6 25. Kh2 Bxf6 26. exf6 Qxf6 27. Kg3
Qxb2 28. Reb1 Qe5+ 29. f4 Qd6 30. Rxb7 c5 31. Rab1 d4 32. Qa5 c4 33. Qxa7 Rcd8
34. Rxd7 Rxd7 35. Qb8+ Qxb8 36. Rxb8+ Kg7 37. Rb1 d3 38. cxd3 cxd3 39. Rd1 Kf6
40. Kf3 Kf5 41. Ke3 Ra7 42. Kf3 Ra3 43. Rd2 f6 44. Ke3 Kg4 45. Rxd3 Rxa2 46.
Rb3 Ra6 47. Rc3 Kxh4 48. Kf3 g5 49. fxg5 Kxg5 50. Kg3 h4+ 51. Kh3 Ra2 52. f3 f5
53. Rd3 Rf2 54. Rb3 Kf4 55. Rb4+ Kxf3 56. Kxh4 Ke2 57. Rb2+ Kf1 58. Rxf2+ Kxf2
59. Kg5 f4 60. Kxf4 1/2-1/2

[Event "ECF National club Under 1700"]
[Site "Kingston-upon-Hull, ENG"]
[Date "2023.10.22"]
[Round "4.23"]
[White "Holgate, Antony"]
[Black "Tager, Maya"]
[Result "0-1"]
[WhiteElo "1407"]
[BlackElo "1280"]
[PlyCount "89"]
[EventDate "2023.10.22"]
[WhiteTeam "Hull Chess Club 5"]
[BlackTeam "She Plays To Win B"]

1. e4 e5 2. Nc3 d6 3. g3 Nf6 4. Bg2 Nbd7 5. Nf3 g6 6. O-O Bg7 7. a4 O-O 8. b3
Re8 9. d3 c6 10. b4 a6 11. b5 axb5 12. Bb2 bxa4 13. Ba3 d5 14. exd5 cxd5 15.
Qb1 Bf8 16. Qc1 Nb6 17. Bxf8 Rxf8 18. Qh6 Ng4 19. Qd2 d4 20. Ne4 Nd7 21. h3
Ngf6 22. h4 Nxe4 23. dxe4 Nf6 24. h5 Nxh5 25. Nxe5 Re8 26. Nd3 Qa5 27. Qh6 b6
28. Rae1 Ba6 29. Nc1 Bxf1 30. Rxf1 Nf6 31. Ne2 Qh5 32. Qxh5 Nxh5 33. Bf3 Red8
34. g4 Ng7 35. Nf4 a3 36. e5 Ra7 37. Bd5 g5 38. Bxf7+ Kxf7 39. Re1 gxf4 40. g5
a2 41. Ra1 d3 42. cxd3 Rxd3 43. Kf1 Rb3 44. Ke1 Rb1+ 45. Rxb1 0-1